Estatísticas para Agricultura

Clique aqui para jogar o quiz

Estatísticas Gerais

  • Esse quiz foi jogado 19 vezes
  • A pontuação média é 2 de 11

Estatísticas das Respostas

HintResposta% Correto
3.Engenheiro Agrónomo
65%
1.Agricultor
59%
5.Veterinário
35%
9.Apicultor
24%
4.Engenheiro Agricula
0%
7.Floricultor
0%
8.Fruticultor
0%
6.Horticultor
0%
11.Olivicultor
0%
10.Suinicultor
0%
2.Vinicultor
0%

Distribuição das Pontuações

Percentil de Números Respondidos

Porcentagem de Pessoas com Cada Pontuação

Sua Pontuação Histórica

Você não jogou esse quiz